<?xml version="1.0" encoding="UTF-8"?>
<record
    xmlns:xsi="http://www.w3.org/2001/XMLSchema-instance"
    xsi:schemaLocation="http://www.loc.gov/MARC21/slim http://www.loc.gov/standards/marcxml/schema/MARC21slim.xsd"
    xmlns="http://www.loc.gov/MARC21/slim">

  <leader>02737cam a2200337   4500500</leader>
  <controlfield tag="005">20260329001438.0</controlfield>
  <datafield tag="041" ind1=" " ind2=" ">
    <subfield code="a">fre</subfield>
  </datafield>
  <datafield tag="042" ind1=" " ind2=" ">
    <subfield code="a">dc</subfield>
  </datafield>
  <datafield tag="100" ind1="1" ind2="0">
    <subfield code="a">David, Michel</subfield>
    <subfield code="e">author</subfield>
  </datafield>
  <datafield tag="700" ind1="1" ind2="0">
    <subfield code="a">Montet, Isabelle</subfield>
    <subfield code="e">author</subfield>
  </datafield>
  <datafield tag="245" ind1="0" ind2="0">
    <subfield code="a">Consentimiento en psiquiatr&#xED;a en situaciones de emergencia</subfield>
  </datafield>
  <datafield tag="260" ind1=" " ind2=" ">
    <subfield code="c">2022.
							</subfield>
  </datafield>
  <datafield tag="500" ind1=" " ind2=" ">
    <subfield code="a">6</subfield>
  </datafield>
  <datafield tag="520" ind1=" " ind2=" ">
    <subfield code="a">Plantear la cuesti&#xF3;n del consentimiento para la asistencia en el contexto de las urgencias psiqui&#xE1;tricas confronta un proceso de reflexi&#xF3;n a veces largo y fluctuante con una temporalidad restringida de necesidad. Sin embargo, ser&#xED;a tan perjudicial limitarse a una mera forma de consentimiento o a un consentimiento superficial procedente de un paciente mal informado como recurrir repentinamente a una atenci&#xF3;n forzada sin tomarse el tiempo de asociar y acompa&#xF1;ar a la familia. Las urgencias deben seguir siendo un lugar donde la informaci&#xF3;n proporcionada constituye la antesala de la instalaci&#xF3;n de una aceptaci&#xF3;n a una atenci&#xF3;n de calidad, basada en el consentimiento informado y acompa&#xF1;ada por los cuidadores. En cuanto a los cuidados forzados, una realidad que obviamente est&#xE1; muy presente en las urgencias psiqui&#xE1;tricas, si hay que llevarlos a cabo no debe hacerse sin una argumentaci&#xF3;n s&#xF3;lida. En el Centro Psiqui&#xE1;trico de Orientaci&#xF3;n y Acogida (CPOA) del Hospital Sainte-Anne, los equipos sensibilizados con esta cuesti&#xF3;n se esfuerzan por establecer desde la acogida del paciente y los allegados un marco apto para su reflexi&#xF3;n sobre las propuestas de cuidados que se les presenta. El objetivo es informar, pero tambi&#xE9;n acompa&#xF1;ar a quienes nos piden ayuda para comprender esta informaci&#xF3;n, de modo que al final de su tratamiento puedan estar seguros de que se han desplegado todos los medios para lograr el consentimiento o el rechazo. Este enfoque impone al m&#xE9;dico y a su equipo una postura clara y un verdadero compromiso, sin una falsa neutralidad que ser&#xED;a m&#xE1;s resignada que verdaderamente objetiva.</subfield>
  </datafield>
  <datafield tag="690" ind1=" " ind2=" ">
    <subfield code="a">aceptaci&#xF3;n de la atenci&#xF3;</subfield>
  </datafield>
  <datafield tag="690" ind1=" " ind2=" ">
    <subfield code="a">atenci&#xF3;n en caso de peligro inminente</subfield>
  </datafield>
  <datafield tag="690" ind1=" " ind2=" ">
    <subfield code="a">atenci&#xF3;n forzada</subfield>
  </datafield>
  <datafield tag="690" ind1=" " ind2=" ">
    <subfield code="a">consentimiento para la atenci&#xF3;n</subfield>
  </datafield>
  <datafield tag="690" ind1=" " ind2=" ">
    <subfield code="a">informaci&#xF3;n al paciente</subfield>
  </datafield>
  <datafield tag="690" ind1=" " ind2=" ">
    <subfield code="a">reglamentaci&#xF3;n</subfield>
  </datafield>
  <datafield tag="690" ind1=" " ind2=" ">
    <subfield code="a">urgencias psiqui&#xE1;tricas</subfield>
  </datafield>
  <datafield tag="690" ind1=" " ind2=" ">
    <subfield code="a">adherence to care</subfield>
  </datafield>
  <datafield tag="690" ind1=" " ind2=" ">
    <subfield code="a">care in case of imminent danger</subfield>
  </datafield>
  <datafield tag="690" ind1=" " ind2=" ">
    <subfield code="a">consent to care</subfield>
  </datafield>
  <datafield tag="690" ind1=" " ind2=" ">
    <subfield code="a">forced care</subfield>
  </datafield>
  <datafield tag="690" ind1=" " ind2=" ">
    <subfield code="a">patient information</subfield>
  </datafield>
  <datafield tag="690" ind1=" " ind2=" ">
    <subfield code="a">psychiatric emergency</subfield>
  </datafield>
  <datafield tag="690" ind1=" " ind2=" ">
    <subfield code="a">regulation</subfield>
  </datafield>
  <datafield tag="786" ind1="0" ind2=" ">
    <subfield code="n">L&#x2019;Information Psychiatrique | Volume 98 | 1 | 2022-02-09 | p. 13-18 | 0020-0204</subfield>
  </datafield>
  <datafield tag="856" ind1="4" ind2="1">
    <subfield code="u">https://stm.cairn.info/revista-l-information-psychiatrique-2022-1-page-13?lang=es&amp;redirect-ssocas=7080</subfield>
  </datafield>
  <datafield tag="999" ind1=" " ind2=" ">
    <subfield code="c">1805450</subfield>
    <subfield code="d">1805450</subfield>
  </datafield>
</record>
